Influence of quality cost on the structure of total cost in medium-sized companies

Kvalita a náklady ako základné faktory, ktoré majú vplyv na pozíciu na trhu v globálnom prostredí. Vplyv investovania do kvality na štruktúre celkových nákladov.

Saved in:
Bibliographic Details
Main Author: Pudło, Patrycja
Other Authors: Mesároš, Peter, Mesároš, František
Format: Book Chapter
Language:English
Subjects:
Tags: Add Tag
No Tags, Be the first to tag this record!

MARC

LEADER 00000naa$a2200000$$$4500
001 0112929
005 20240502072245.0
041 0 |a eng 
044 |a SK 
245 1 0 |a Influence of quality cost on the structure of total cost in medium-sized companies  |c Patrycja Pudło, Peter Mesároš, František Mesároš 
520 |a Kvalita a náklady ako základné faktory, ktoré majú vplyv na pozíciu na trhu v globálnom prostredí. Vplyv investovania do kvality na štruktúre celkových nákladov. 
610 2 0 |a náklady na kvalitu 
610 2 0 |a podnik stredný 
610 2 0 |a investovanie 
610 2 0 |a kvalita 
610 2 0 |a obchod 
610 2 0 |a výroba 
610 2 0 |a služby 
100 1 |a Pudło, Patrycja 
700 1 |a Mesároš, Peter 
700 1 |a Mesároš, František